[Event "20th Sigeman & Co"]
[Site "Malmo SWE"]
[Date "2012.05.10"]
[Round "2"]
[White "Grandelius, Nils"]
[Black "Berg, Emanuel"]
[Result "1-0"]
[WhiteTitle "GM"]
[BlackTitle "GM"]
[WhiteElo "2556"]
[BlackElo "2587"]
[WhiteFideId "1710400"]
[BlackFideId "1704060"]
[EventDate "2012.05.09"]

1. d4 Nf6 2. c4 g6 3. Nf3 Bg7 4. Nc3 d6 5. g3 O-O 6. Bg2 c6 7. O-O Qb6 8. Qc2
Na6 9. e4 Bg4 10. Be3 Qa5 11. h3 Bxf3 12. Bxf3 e5 13. d5 cxd5 14. cxd5 Nd7 15.
Bg4 Nb6 16. Be2 Rfc8 17. a3 Nd7 18. Qb1 Qd8 19. Nb5 Ndc5 20. b4 Na4 21. Qb3 Nb6
22. a4 f5 23. a5 f4 24. Bd2 Nd7 25. Nxd6 Ndc5 26. bxc5 Nxc5 27. Qa3 Qxd6 28. Bb4
Bf8 29. Bg4 fxg3 30. fxg3 Rc7 31. Rac1 Be7 32. Be6+ Kh8 33. Rf7 Rf8 34. Rxe7
Qxe7 35. Bxc5 Qg5 36. Qe3 Qxe3+ 37. Bxe3 Rxc1+ 38. Bxc1 Kg7 39. Bg5 Rf3 40. Kg2
Rd3 41. Be7 1-0

[Event "20th Sigeman & Co"]
[Site "Malmo SWE"]
[Date "2012.05.13"]
[Round "4"]
[White "Giri, Anish"]
[Black "Grandelius, Nils"]
[Result "1/2-1/2"]
[WhiteTitle "GM"]
[BlackTitle "GM"]
[WhiteElo "2693"]
[BlackElo "2556"]
[WhiteFideId "24116068"]
[BlackFideId "1710400"]
[EventDate "2012.05.09"]

1. d4 Nf6 2. c4 g6 3. Nc3 d5 4. Bg5 Ne4 5. Bh4 Nxc3 6. bxc3 dxc4 7. e3 Be6 8.
Be2 Bg7 9. Nf3 c5 10. O-O O-O 11. Rb1 Qd7 12. dxc5 Bf5 13. Qxd7 Nxd7 14. Rxb7
Nxc5 15. Rc7 1/2-1/2

[Event "20th Sigeman & Co"]
[Site "Malmo SWE"]
[Date "2012.05.14"]
[Round "5"]
[White "Berg, Emanuel"]
[Black "Tikkanen, Hans"]
[Result "0-1"]
[WhiteTitle "GM"]
[BlackTitle "GM"]
[WhiteElo "2587"]
[BlackElo "2566"]
[WhiteFideId "1704060"]
[BlackFideId "1706446"]
[EventDate "2012.05.09"]

1. e4 e6 2. d4 d5 3. Nc3 Nf6 4. Bg5 Bb4 5. e5 h6 6. Be3 Ne4 7. Qg4 g6 8. a3
Bxc3+ 9. bxc3 c5 10. Bd3 h5 11. Qf4 g5 12. Qf3 Nxc3 13. dxc5 Nc6 14. Qg3 Qa5 15.
Bd2 Qxc5 16. Nf3 Bd7 17. Qxg5 Ne4 18. Bxe4 dxe4 19. Qf6 Rf8 20. Ng5 Qc4 21. f3
Nd4 22. Kf2 Qe2+ 23. Kg3 exf3 24. gxf3 Nf5+ 25. Kh3 Bc6 26. Rhe1 Qxd2 27. Rad1
Qf2 28. Rd6 Qxe1 29. Rxe6+ fxe6 30. Qg6+ Kd7 31. Qxe6+ Kc7 0-1

[Event "20th Sigeman & Co"]
[Site "Malmo SWE"]
[Date "2012.05.14"]
[Round "5"]
[White "Grandelius, Nils"]
[Black "Hector, Jonny"]
[Result "1-0"]
[WhiteTitle "GM"]
[BlackTitle "GM"]
[WhiteElo "2556"]
[BlackElo "2560"]
[WhiteFideId "1710400"]
[BlackFideId "1700090"]
[EventDate "2012.05.09"]

1. d4 d5 2. c4 c6 3. Nf3 Nf6 4. Nc3 dxc4 5. a4 Bf5 6. Ne5 e6 7. f3 Bb4 8. Nxc4
O-O 9. Kf2 c5 10. e4 Bg6 11. Na2 Nc6 12. Nxb4 Nxb4 13. Qb3 Nxe4+ 14. fxe4 Bxe4
15. Bd2 Nc2 16. Rc1 Nxd4 17. Qe3 Qd5 18. Qf4 Rad8 19. Ne3 Qc6 20. Bc3 e5 21.
Qxe5 Rfe8 22. Qg3 Qf6+ 23. Kg1 Qh6 24. Re1 f5 25. Qf2 f4 26. Bxd4 cxd4 27. Nc4
d3 28. h4 Bf5 29. Rxe8+ Rxe8 30. Qd4 Qh5 31. Nd6 Rf8 32. Qd5+ Kh8 33. Nxf5 d2
34. Qxd2 Qxf5 35. Rh3 Qc5+ 36. Qf2 Qb4 37. b3 h6 38. Rf3 a6 39. g3 b5 40. axb5
axb5 41. Rxf4 Rxf4 42. Qxf4 Qxb3 43. Qf8+ Kh7 44. Qf5+ Kg8 45. Qd3 Qe6 46. Qxb5
Qe3+ 47. Kh2 g5 48. Bc4+ Kf8 49. Qf5+ Ke7 50. Qh7+ Ke8 51. Bb5+ 1-0

[Event "20th Sigeman & Co"]
[Site "Malmo SWE"]
[Date "2012.05.15"]
[Round "6"]
[White "Giri, Anish"]
[Black "Hector, Jonny"]
[Result "1/2-1/2"]
[WhiteTitle "GM"]
[BlackTitle "GM"]
[WhiteElo "2693"]
[BlackElo "2560"]
[WhiteFideId "24116068"]
[BlackFideId "1700090"]
[EventDate "2012.05.09"]

1. d4 d5 2. Nf3 Nf6 3. c4 c6 4. Nc3 dxc4 5. a4 Bf5 6. Ne5 e6 7. f3 Bb4 8. Nxc4
O-O 9. Kf2 Bg6 10. e4 Qc7 11. Qb3 c5 12. Na2 Nc6 13. Nxb4 cxb4 14. Be3 Rfd8 15.
Rd1 Rd7 16. Ne5 Nxe5 17. dxe5 Rxd1 18. Qxd1 Qxe5 19. b3 h5 20. Qd4 Qa5 21. Be2
Rd8 22. Qxa7 Qe5 23. Qb6 Rd7 24. Qc5 Qb2 25. Bg5 Rd3 26. Qc1 Rxb3 27. Qxb2 Rxb2
28. Rc1 Ra2 29. Rc7 Bxe4 30. fxe4 Nxe4+ 31. Ke3 Nxg5 32. Rxb7 Ra3+ 33. Kf4 f6
34. Bxh5 Rxa4 35. Bg6 b3+ 36. Ke3 Kf8 37. Rxb3 Ke7 38. Rb7+ Kd6 39. Rxg7 Ke5 40.
Bd3 Ne4 41. Bxe4 Rxe4+ 42. Kf3 f5 43. g4 Rxg4 1/2-1/2

[Event "20th Sigeman & Co"]
[Site "Malmo SWE"]
[Date "2012.05.15"]
[Round "6"]
[White "Tikkanen, Hans"]
[Black "Li, Chao b"]
[Result "1-0"]
[WhiteTitle "GM"]
[BlackTitle "GM"]
[WhiteElo "2566"]
[BlackElo "2703"]
[WhiteFideId "1706446"]
[BlackFideId "8604436"]
[EventDate "2012.05.09"]

1. Nf3 Nf6 2. c4 g6 3. Nc3 Bg7 4. g3 O-O 5. Bg2 d5 6. cxd5 Nxd5 7. O-O c5 8.
Nxd5 Qxd5 9. d3 Nc6 10. Be3 Bxb2 11. Rb1 Bf6 12. Qa4 Nb4 13. Nd2 Qf5 14. a3 Nd5
15. Ne4 Nxe3 16. fxe3 Qe5 17. Nxf6+ exf6 18. Qf4 Qe7 19. Qe4 Qxe4 20. Bxe4 Rb8
21. Rfc1 f5 22. Bf3 Re8 23. Rxc5 Rxe3 24. Rc7 Kf8 25. Rbc1 Re8 26. Bd5 Be6 27.
Bxb7 Re7 28. Bf3 a5 29. d4 Bb3 30. d5 Rd8 31. Rc8 Rd7 32. Rxd8+ Rxd8 33. Rc5 a4
34. Kf2 Re8 35. Rc7 Rd8 36. Rc5 Re8 37. Ra5 g5 38. d6 Rd8 39. Ra8 Rxa8 40. Bxa8
f6 41. Bc6 Kf7 42. Bd7 Bc2 43. Ke3 h5 44. Kd4 f4 45. gxf4 gxf4 46. Kd5 Bd1 47.
Kc6 Bxe2 48. Bh3 Ke8 49. Kc7 1-0

[Event "20th Sigeman & Co"]
[Site "Malmo SWE"]
[Date "2012.05.16"]
[Round "7"]
[White "Grandelius, Nils"]
[Black "Tikkanen, Hans"]
[Result "1/2-1/2"]
[WhiteTitle "GM"]
[BlackTitle "GM"]
[WhiteElo "2556"]
[BlackElo "2566"]
[WhiteFideId "1710400"]
[BlackFideId "1706446"]
[EventDate "2012.05.09"]

1. d4 d5 2. Nf3 c6 3. c4 e6 4. Nc3 dxc4 5. a4 Bb4 6. e3 b5 7. Bd2 a5 8. Rb1 Qb6
9. axb5 cxb5 10. Ne5 Nf6 11. b3 Bxc3 12. Bxc3 Nd5 13. Ba1 c3 14. e4 Nf6 15. Bxc3
Nxe4 16. Qf3 Nxc3 17. Qxf7+ Kd8 18. Qxg7 Nxb1 19. Qxh8+ Kc7 20. Qxh7+ Bd7 21.
Qxb1 Qxd4 22. Qc2+ Bc6 23. Nxc6 Nxc6 24. Be2 Qb4+ 25. Qd2 Qxb3 26. O-O Rd8 27.
Qg5 Rd5 28. Qg7+ Rd7 29. Qa1 Rd2 30. Rb1 Qc2 31. Bxb5 Rxf2 32. Qg7+ Kd6 33. Qg3+
e5 34. Bd3 Rxg2+ 35. Qxg2 Qxd3 36. Rf1 Nd4 37. h4 a4 38. h5 a3 39. Qg6+ Qxg6+
40. hxg6 Ne6 41. Kf2 Ke7 42. Ke3 Nf4 43. Rg1 a2 44. g7 Nd5+ 45. Ke4 Nf6+ 46.
Kxe5 Kf7 47. Kf5 Ng8 48. Ke5 Ne7 49. Ra1 Ng6+ 50. Kf5 Ne7+ 51. Kg5 Kxg7 52. Rxa2
Kf7 53. Ra6 Nd5 54. Rd6 Ne7 55. Rh6 Nd5 56. Rc6 Ne7 57. Rd6 Nc8 58. Rg6 Ne7 59.
Rh6 Nd5 60. Kf5 1/2-1/2